White-collar crime : theory and research /

"A collection of provocative theoretical and empirical examinations of this phenomenon...this book, more sophisticated than most recent readers on the subject, is bound to be an important source for some years to come, and is sure to inspire further research and theoretical development" --...

Full description

Saved in:
Bibliographic Details
Other Authors: Geis, Gilbert., Stotland, Ezra, 1924-
Format: Book
Language:English
Published: Beverly Hills : Sage Publications, c1980.
Series:Sage criminal justice system annuals ; v. 13.
Subjects:
Tags: Add Tag
No Tags, Be the first to tag this record!
LEADER 02493cam a2200325uu 4500
001 000856479-5
005 20020606090541.3
008 791207s1980 cau b 00000 eng
010 |a  79026672  
020 |a 0803914040 
020 |a 0803914059 (pbk.) 
035 0 |a ocm05830686 
040 |a DLC  |c DLC  |d m.c. 
043 |a n-us--- 
050 0 |a HV6635  |b .W45 
082 |a 364.1/68 
245 0 0 |a White-collar crime :  |b theory and research /  |c Gilbert Geis and Ezra Stotland, editors. 
260 0 |a Beverly Hills :  |b Sage Publications,  |c c1980. 
300 |a 320 p. :  |b graphs ;  |c 23 cm. 
490 1 |a Sage criminal justice system annuals ;  |v v. 13 
504 |a Includes bibliographies. 
520 1 |a "A collection of provocative theoretical and empirical examinations of this phenomenon...this book, more sophisticated than most recent readers on the subject, is bound to be an important source for some years to come, and is sure to inspire further research and theoretical development" -- Choice. 
505 0 |a How serious a crime? Perceptions of organizational and common crimes / Laura Shill Schrager and James F. Short, Jr. -- The victim of white-collar crime: accuser or accused? / Marilyn E. Walsh and Donna D. Schram -- Organization structure and organizational crime / Edward Gross -- Crime bettween organizations: implications for victimology / Diane Vaughan -- The criminalization of corporate behavior: federal surface coal mining / Neal Shover -- Corporate crime: a cross-national analysis / Charles E. Reasons and Colin H. Goff -- The institutionalization of ambiguity: early British factory acts / W. G. Carson -- Analyzing suspected collusion among bidders / Michael D. Maltz and Stephen M. Pollock -- Computer-related white-collar crime / Donn B. Parker -- Detecting management fraud: the role of the independent auditor / James E. Sorensen, Hugh D. Grove, and Thomas L. Sorensen -- Do convictions deter home repair fraud? / Ezra Stotland, Michael Brintnall, Andre L'Heureux, and Eva Ashmore -- Consumer abuse of older Americans: victimization and remedial action in two metropolitan areas / Mary V. McGuire and Herbert Edelhertz -- Investigating company fraud: case studies from Australia / Adam C. Sutton and Ronald Wild. 
650 0 |a White collar crimes. 
650 0 |a White collar crimes  |z United States. 
700 1 |a Geis, Gilbert. 
700 1 |a Stotland, Ezra,  |d 1924- 
830 0 |a Sage criminal justice system annuals ;  |v v. 13. 
988 |a 20020608 
906 |0 DLC